000 00471cam a22001337a 4500
008 180718b1963 xxu||||| |||| 00| 0 eng d
082 _aA99 Sl66
100 _aSerge, Victor
245 _aMemoirs of a revolutionary 1901-1941
_cby Victor Serge and edited and translated by Peter Sedgwick
260 _aNew York
_bOxford University
_c1963
300 _axxiv,401p
650 _aRevolutionaries -Russia -Correspondence.Soviet Union -History.
700 _aSedgwick, Peter.ed,tr
999 _c416032
_d416032